| 000 | 01322nam a22003017a 4500 | ||
|---|---|---|---|
| 005 | 20080929101452.0 | ||
| 008 | 080929t xxu||||| |||| 00| 0chin d | ||
| 010 | _aHIN-92181 | ||
| 020 |
_a9788173093876 _c150.00 |
||
| 035 | _aHN-64527 | ||
| 037 | _bDBAD / PUB | ||
| 040 |
_aDPL _bHN |
||
| 082 | _a181.499 | ||
| 100 |
_926640 _aइंद्रसेन |
||
| 245 |
_aजीवन और साधनाः _cइंद्रसेन _bजीवन के ध्येय को समझने और समुन्नत करने का मार्ग / |
||
| 246 |
_aJeevan aur Sadhna _bby Indersen |
||
| 260 |
_aनई दिल्ली _bसस्ता साहित्य सदन _c2009 |
||
| 270 |
_aएन-77, पहली मंजिल, कनाट सर्कस _bनई दिल्ली _e110001 _k23310505 _mmanager@sastasahityamandal.org. |
||
| 300 |
_a144पृ. _c22सेमी (सजिल्द) |
||
| 650 | _9697 | ||
| 650 | _926793 | ||
| 650 | _926674 | ||
| 650 | _9698 | ||
| 700 | _926643 | ||
| 710 | _926662 | ||
| 942 |
_2ddc _cHN _h181.499 _mइंद्रसे |
||
| 999 |
_c51268 _d51268 |
||